000 00683nam a2200241Ia 4500
005 20260430150640.0
008 008 250103s9999 xx 000 0 eng d
037 _aTheses
040 _aCRL
040 _beng
040 _ceng
041 _2eng
041 _aeng
084 _qCRL
100 _aGupta Vibha Au.; Sarita Anand Gu.
_91238104
245 0 _aHand Hygiene Knowledge, Attitude and Practice (KAP) among Rural Primary School Children - An Intervention Study
260 _c2023
300 _a303p.
650 _aHome Science
700 _aUniversity of Delhi. Faculty of Science. Deptt. of Home Science
_91236642
942 _cTH
999 _c1850296
_d1850296